{"text_format":"3","workbook":"xls","n_sheets":3,"sheets":["Sheet1","Sheet2","Sheet3"],"read":"whole","date_system":"1900","formulas":"cached_only"}

{"sheet":"Sheet1","index":0,"n_rows":17,"n_cols":9,"rows_kept":17,"merged":[[0,0,0,8]],"flags":["formulas_cached_only"]}
["2024年乒乓项目训练器材采购明细表"]
[{"$nulls":8},"单位：元"]
["序号","品名","规格型号","单位","数量","单价","总价","参考品牌\n范围","备注"]
[1,"红双喜乒乓球","一星D40","个",26000,{"v":1.3,"d":"1.30"},{"v":33800,"d":"33,800.00"}]
[2,"红双喜乒乓球","三星D40","盒",30,{"v":30,"d":"30.00"},{"v":900,"d":"900.00"}]
[3,"乒乓球集球网",null,"个",6,{"v":350,"d":"350.00"},{"v":2100,"d":"2,100.00"}]
[4,"盆架",null,"个",6,{"v":135,"d":"135.00"},{"v":810,"d":"810.00"}]
[5,"捡球器",null,"个",6,{"v":85,"d":"85.00"},{"v":510,"d":"510.00"}]
[6,"塑料盆",null,"个",30,{"v":10,"d":"10.00"},{"v":300,"d":"300.00"}]
[7,"蝴蝶乒乓球拍",null,"个",2,{"v":2000,"d":"2,000.00"},{"v":4000,"d":"4,000.00"}]
[8,"斯蒂卡乒乓球拍",null,"个",2,{"v":2000,"d":"2,000.00"},{"v":4000,"d":"4,000.00"}]
[9,"胶皮","黑色省狂","个",10,{"v":180,"d":"180.00"},{"v":1800,"d":"1,800.00"}]
[10,"胶皮","红色蝴蝶T05","个10",10,{"v":440,"d":"440.00"},{"v":4400,"d":"4,400.00"}]
[11,"胶水","海夫有机胶水","个",5,{"v":48,"d":"48.00"},{"v":240,"d":"240.00"}]
[12,"胶水","红双喜无机胶水","个",5,{"v":176,"d":"176.00"},{"v":880,"d":"880.00"}]
[13,"胶水","海上明月无机油","个",5,{"v":88,"d":"88.00"},{"v":440,"d":"440.00"}]
[null,"合计",{"$nulls":4},{"v":54180,"d":"54,180.00"}]

{"sheet":"Sheet2","index":1,"n_rows":0,"n_cols":0,"rows_kept":0,"flags":["formulas_cached_only"]}

{"sheet":"Sheet3","index":2,"n_rows":0,"n_cols":0,"rows_kept":0,"flags":["formulas_cached_only"]}